Les meilleurs buteurs des 5 grands championnats depuis 2000 - Statistiques

Statistiques générales
  • Ce quiz a été pris 203 fois
  • Le résultat moyen est 30 sur 50
Statistiques - réponses
Championnat Nombre de buts Nombre de matchs Equipes Joueur % Correct
311 292 Real Madrid Cristiano Ronaldo
99%
La Liga 474 520 FC Barcelone Lionel Messi
99%
238 439 Real Madrid Karim Benzema
98%
Ligue 1 164 217 AS MonacoParis Saint-Germain Kylian Mbappé
97%
174 459 Atlético MadridReal Sociedad FC Barcelone Antoine Griezmann
92%
138 200 Paris Saint-Germain Edinson Cavani
91%
Premier League 213 320 Tottenham Harry Kane
90%
113 122 Paris Saint-Germain Zlatan Ibrahimovic
88%
156 283 Inter MilanAC Milan Juventus Zlatan Ibrahimovic
88%
176 258 FC BarceloneAtlético Madrid Luis Suarez
87%
127 238 Olympique Lyonnais Alexandre Lacazette
86%
184 275 Manchester City Sergio Aguero
86%
145 288 AS MonacoToulouse FC Wissam Ben Yedder
84%
158 227 Arsenal Thierry Henry
83%
208 491 Manchester UnitedEverton Wayne Rooney
83%
136 307 Leicester City Jamie Vardy
82%
Bundesliga 312 384 Bayern MunichBorussia Dortmund Robert Lewandowski
82%
207 445 AS Rome Francesco Totti
77%
141 266 Paris Saint-GermainGirondins de Bordeaux Pauleta
76%
185 353 Atlético MadridReal Zaragoza FC Barcelone FC Valence David Villa
75%
144 280 ArsenalManchester United Robin Van Persie
71%
144 442 Bayern Munich Thomas Muller
70%
122 340 Olympique LyonnaisAS Saint-Etienne Olympique de Marseille Bafétimbi Gomis
67%
129 313 Juventus Alessandro Del Piero
64%
103 492 Olympique de MarseilleAS Saint-Etienne LOSC Lille FC Nantes Dimitri Payet
64%
156 264 FC BarceloneRC Majorque Samuel Eto'o
64%
103 291 Olympique de MarseilleToulouse FC FC Lorient André-Pierre Gignac
62%
194 322 Lazio RomeTorino FC Genoa CFC Ciro Immobile
61%
150 365 Borussia DortmundBorussia Monchengladbach Marco Reus
60%
121 278 EvertonManchester United Chelsea West Bromwich Albion Romelu Lukaku
53%
125 224 SSC NaplesJuventus AC Milan Gonzalo Higuain
52%
147 322 Celta VigoFC Séville Iago Aspas
50%
139 231 LiverpoolChelsea Mohamed Salah
49%
160 491 Chelsea FCManchester City West Ham United Frank Lampard
48%
Serie A 209 445 Udinese CalcioEmpoli Antonio Di Natale
47%
170 328 Bayern MunichVfB Stuttgart VfL Wolfsburg Mario Gomez
47%
102 483 Stade Rennais Olympique Lyonnais EA Guingamp Girondins de Bordeaux Jimmy Briand
45%
121 305 Bayern MunichWerder Breme FC Kaiserlautern Miroslav Klose
43%
123 214 Juventus David Trézéguet
38%
157 344 VicenzaBrescia Palermo FC Fiorentina AS Rome Genoa CFC Juventus Hellas Vérone Luca Toni
36%
158 443 Athletic BilbaoFC Valence RC Majorque Aritz Aduriz
35%
182 555 UC SampdoriaJuventus Torino FC SSC Naples Udinese Calcio Ascoli Calcio Fabio Quagliarella
34%
163 496 TottenhamWest Ham United AFC Sunderland AFC Bournemouth FC Portsmouth Jermain Defoe
23%
187 465 Bayern MunichWerder Breme FC Cologne Claudio Pizarro
20%
144 403 Bayer LeverkusenFC Nuremberg Stefan Kiessling
20%
100 224 TSG Hoffenheim Andrej Kramaric
18%
129 323 FC ValenceGranada Levante Villarreal Getafe Osasuna Real Madrid Roberto Soldado
14%
186 500 FiorentinaAC Milan Parme Calcio Genoa CFC Hellas Vérone FC Bologne Palermo FC Piacenza Calcio Alberto Gilardino
12%
127 344 Hertha BerlinTSG Hoffenheim VfB Stuttgart Alemannia Aachen Vedad Ibisevic
8%
111 275 VfB StuttgartSchalke 04 Kevin Kuranyi
3%
Aucun quiz correspondant
Distribution des résultats
% des personnes avec chaque résultat
Percentile par nombre de réponses
Votre historique - résultats
Vous n’avez pas pris ce quiz